Les Morts Dans Harry Potter - Statistics

General Stats
  • This quiz has been taken 16 times
  • The average score is 13 of 23
Answer Stats
Hint Answer % Correct
11 Albus Dumbledore
90%
1 James Potter
90%
2 Lily Potter
90%
23 Lord Voldemort
90%
10 Sirius Black
90%
21 Bellatrix Lestrange
80%
18 Fred Weasley
80%
20 Nymphadora Tonks
80%
19 Remus Lupin
80%
17 Severus Rogue
80%
16 Dobby
60%
8 Cedric Diggory
50%
12 Hedwige
50%
22 Nagini
40%
15 Peter Pettigrow
40%
4 Basilic
30%
6 Frank Bryce
30%
3 Quirinus Quirrell
30%
13 Alastor Maugrey
20%
7 Bartemius Croupton Sr
20%
14 Rufus Scrimgeour
20%
9 Bartemius Croupton Jr
10%
5 Tom Jedusor (souvenir)
10%
No matching quizzes found
Score Distribution
Percent of People with Each Score
Percentile by Number Answered
Your Score History
You have not taken this quiz